| 000 | 00666nam a2200193Ia 4500 | ||
|---|---|---|---|
| 003 | IN-BaIIA | ||
| 008 | 211028s9999 xx 000 0 eng d | ||
| 020 | _a3-7186-5497-0 | ||
| 040 | _cIIA Library | ||
| 080 |
_a047.1:524 _bNAG |
||
| 100 |
_aNagirner, D.I _921468 |
||
| 245 | 0 |
_aAstrophysics and spacephysics reviews _bsingle compton scattering _cD. I. Nagirner and J. Poutanen |
|
| 260 |
_aU.K. _bHarwood Academic Publishers _c1989 |
||
| 300 | _a81p. | ||
| 490 | _aSoviet Scientific Review/Section E | ||
| 650 |
_aCompton scattering, Atrophysics, Space physics _921469 |
||
| 700 |
_aPoutanen, J. _921470 |
||
| 942 | _cBK | ||
| 999 |
_c12278 _d12278 |
||